| 000 | 01013pam a2200301 a 4500 | ||
|---|---|---|---|
| 999 |
_c58932 _d58932 |
||
| 001 | 3873562 | ||
| 003 | ARRUPE | ||
| 005 | 20170529103015.0 | ||
| 008 | 890721s1990 nyu b 001 0 eng | ||
| 010 | _a 89045890 | ||
| 020 | _a0394581083 | ||
| 040 |
_aDLC _cDLC _dDLC |
||
| 043 | _af-sa--- | ||
| 050 | 0 | 0 |
_aDT1756 _b.S63 1990 |
| 082 | 0 | 0 |
_a305.8/00968 _220 |
| 100 | 1 |
_aSparks, Allister. _931236 |
|
| 245 | 1 | 4 |
_aThe mind of South Africa / _cAllister Sparks. |
| 250 | _a1st ed. | ||
| 260 |
_aNew York, N.Y. : _bAlfred A. Knopf, _c1990. |
||
| 300 |
_axviii, 424 p. ; _c25 cm. |
||
| 504 | _aIncludes bibliographical references (p. [401]-407) and index. | ||
| 650 | 0 |
_aAfrikaners _xRace identity. _931237 |
|
| 650 | 0 |
_aRacism _zSouth Africa. _931238 |
|
| 651 | 0 |
_aSouth Africa _xRace relations. _931239 |
|
| 906 |
_a7 _bcbc _corignew _d1 _eocip _f19 _gy-gencatlg |
||
| 942 |
_2lcc _cMONOGRAPH |
||